<?xml version="1.0" encoding="UTF-8"?>
<marc:record xmlns:marc="http://www.loc.gov/MARC21/slim">
   <marc:leader>00000nam a2200000 a 4500</marc:leader>
   <marc:datafield ind1="1" ind2=" " tag="100">
      <marc:subfield code="a">Bowles, Anna</marc:subfield>
      <marc:subfield code="4">oth</marc:subfield>
      <marc:subfield code="e">Sonstiges</marc:subfield>
   </marc:datafield>
   <marc:datafield ind1="1" ind2=" " tag="100">
      <marc:subfield code="a">Saunders, Rachael</marc:subfield>
   </marc:datafield>
   <marc:datafield ind1="1" ind2=" " tag="100">
      <marc:subfield code="a">Krabbe, Wiebke</marc:subfield>
   </marc:datafield>
   <marc:datafield ind1=" " ind2=" " tag="653">
      <marc:subfield code="a">Sachbilderbuch</marc:subfield>
   </marc:datafield>
   <marc:datafield ind1=" " ind2=" " tag="653">
      <marc:subfield code="a">Bilderbuch</marc:subfield>
   </marc:datafield>
   <marc:datafield ind1=" " ind2=" " tag="653">
      <marc:subfield code="a">Lebensmittel</marc:subfield>
   </marc:datafield>
   <marc:datafield ind1=" " ind2=" " tag="653">
      <marc:subfield code="a">Hartkarton</marc:subfield>
   </marc:datafield>
   <marc:datafield ind1="0" ind2="0" tag="245">
      <marc:subfield code="a">Das essen wir</marc:subfield>
   </marc:datafield>
   <marc:datafield ind1="0" ind2="0" tag="245">
      <marc:subfield code="b">woher kommen Reis, Gemüse, Fisch und Co.?</marc:subfield>
   </marc:datafield>
   <marc:datafield ind1=" " ind2="1" tag="264">
      <marc:subfield code="a">München</marc:subfield>
      <marc:subfield code="b">DK</marc:subfield>
      <marc:subfield code="c">2023</marc:subfield>
   </marc:datafield>
   <marc:datafield ind1="1" ind2=" " tag="490">
      <marc:subfield code="a">Aufgeklappt und viel entdeckt!</marc:subfield>
   </marc:datafield>
   <marc:datafield ind1=" " ind2=" " tag="250">
      <marc:subfield code="a">1. Auflage</marc:subfield>
   </marc:datafield>
   <marc:datafield ind1="1" ind2=" " tag="520">
      <marc:subfield code="a">Angaben aus der Verlagsmeldung&#xD;
&#xD;
Aufgeklappt und viel entdeckt! Das essen wir : Woher kommen Reis, Gemüse, Fisch und Co.? Mit 75 Klappen / von Anna Bowles&#xD;
&#xD;
Wo kommt unser Essen her?&#xD;
&#xD;
Das Bilderbuch ab 3 Jahren nimmt neugierige Kinder mit auf eine bunte Erkundungstour über Getreidefelder und Gemüsegarten, vom Bauernhof über das Meer und bis hin zum Supermarkt. Hinter 75 kleinen und großen Klappen erfahren sie, wie Obst und Gemüse angebaut werden, was man mit Eiern und Milch machen kann und warum Bienen so nützlich sind. Mit detailreich illustrierten Pappseiten und besonders vielen Klappen bietet dieses wunderschöne Bilderbuch lang anhaltenden Beschäftigungsspaß.&#xD;
&#xD;
Kindgerecht und pädagogisch wertvoll&#xD;
&#xD;
 Großformatiges Pappbilderbuch mit super vielen Klappen&#xD;
 Spannende erste Sachthemen für Kindergartenkinder: Woher kommt unser Essen? Woraus wird Joghurt gemacht? Warum sind Bienen so wichtig?&#xD;
 Stabile Pappseiten erleichtern das Umblättern&#xD;
 Detailreich und mit Witz illustriert&#xD;
&#xD;
Spannendes Sachthema, das Kindergartenkinder interessiert, kombiniert mit tollen Klappen&#xD;
&#xD;
Wie wachsen Erbsen? Wie werden Fische gefangen? Wie wird Reis angebaut und welche Lebensmittel schmecken süß, welche salzig? Mit dem neuen Sachbuch können Kinder ab 3 Jahren spielerisch erkunden, woher unser Essen kommt. Und das macht großen Spaß! Denn dank wunderschöner Illustrationen gibt es auf jeder Seite immer wieder Neues zu entdecken, und hinter den Klappen verbirgt sich noch mehr Wissen über Ernährung für Kinder. Ganz nebenbei werden Feinmotorik und Kreativität gefördert.&#xD;
&#xD;
Kinderfragen spielerisch beantworten: Liebevoll illustriertes Bilderbuch ab 3 mit 75 Klappen und tollem ersten Wissen über unser Essen.</marc:subfield>
   </marc:datafield>
   <marc:datafield ind1=" " ind2=" " tag="020">
      <marc:subfield code="a">9783831046560</marc:subfield>
      <marc:subfield code="9">9783831046560</marc:subfield>
   </marc:datafield>
   <marc:datafield ind1=" " ind2=" " tag="020">
      <marc:subfield code="a">3831046565</marc:subfield>
      <marc:subfield code="9">3831046565</marc:subfield>
   </marc:datafield>
   <marc:datafield ind1=" " ind2=" " tag="041">
      <marc:subfield code="a">ger</marc:subfield>
   </marc:datafield>
   <marc:datafield ind1=" " ind2=" " tag="300">
      <marc:subfield code="b">Illustration(en)</marc:subfield>
   </marc:datafield>
   <marc:datafield ind1=" " ind2=" " tag="338">
      <marc:subfield code="a">Band</marc:subfield>
   </marc:datafield>
   <marc:datafield ind1=" " ind2=" " tag="300">
      <marc:subfield code="a">14 ungezählte Seiten</marc:subfield>
   </marc:datafield>
</marc:record>
